Návrh na zdokonalenie odmeňovania zamestnancov od 30 do 45 rokov v podniku PPA ENERGO, s.r.o.

Saved in:
Bibliographic Details
Main Author: Kovačovičová, Nikoleta (Author)
Other Authors: Spišáková, Alžbeta (Thesis advisor)
Format: Manuscript Book
Language:Slovak
Published: 2015
Subjects:
Online Access:http://is.stuba.sk/zp/portal_zp.pl?podrobnosti=112653
Tags: Add Tag
No Tags, Be the first to tag this record!

MARC

LEADER 00000ntm a22000003a 4500
001 stuzp51096
003 SK-STU
005 20160719153743.5
007 ta
008 150427s2015----xo-----f-mn---000-0-slo-d
040 |a STU  |b slo 
041 0 |a slo 
100 1 |a Kovačovičová, Nikoleta  |u 064000  |4 aut  |U MTF Materiálovotechnologická fakulta  |T MTF Ústav priemyselného inžinierstva a manažmentu  |X 46011  |U M4000  |Y 84  |7 46011 
242 0 1 |a Proposal to improve the remuneration of employees from 30 to 45 years in the company PPA ENERGO, s. r. o.  |y eng 
245 1 0 |a Návrh na zdokonalenie odmeňovania zamestnancov od 30 do 45 rokov v podniku PPA ENERGO, s.r.o. 
260 |c 2015 
650 4 |a mzdové formy  |2 slo 
650 4 |a motivácia  |2 slo 
650 4 |a hodnotenie zamestnancov  |2 slo 
650 4 |a mzdy  |2 slo 
650 4 |a finančné odmeňovanie  |2 slo 
650 4 |a nefinančné odmeňovanie  |2 slo 
650 4 |a celkové odmeňovanie  |2 slo 
650 4 |a non-financial remuneration  |2 eng 
650 4 |a the total remuneration  |2 eng 
650 4 |a wage forms  |2 eng 
650 4 |a evaluation  |2 eng 
650 4 |a financial remuneration  |2 eng 
650 4 |a wage  |2 eng 
650 4 |a motivation  |2 eng 
700 1 |a Spišáková, Alžbeta  |4 ths  |X 69442  |7 A000069442 
856 4 |u http://is.stuba.sk/zp/portal_zp.pl?podrobnosti=112653 
996 |c M* BP-7348  |l MMSKP  |s P  |a 0  |w stuzp51096_0001 
SQL |a stuzp51096  |b DBP  |c SLO  |d Návrh na zdokonalenie odmeňovania zamestnancov od 30 do 45 rokov v podniku PPA ENERGO, s.r.o.  |e 46011  |f Kovačovičová, Nikoleta  |g 064000  |h 69442  |i Spišáková, Alžbeta  |j 20150622  |k 173  |l 06  |m http://is.stuba.sk/zp/portal_zp.pl?podrobnosti=112653  |n B-PPP  |o 5.2.52. priemyselné inžinierstvo